La puerta secreta / (Record no. 45555)

MARC details
000 -LEADER
campo de control de longitud fija 00463nam a2200157 i 4500
001 - NÚMERO DE CONTROL
campo de control 45555
003 - IDENTIFICADOR DE NÚMERO DE CONTROL
campo de control ES-MaACL
007 - CAMPO FIJO DE DESCRIPCIÓN FÍSICA--INFORMACIÓN GENERAL
campo de control de longitud fija t|
008 - DATOS DE LONGITUD FIJA--INFORMACIÓN GENERAL
campo de control de longitud fija 030326s1953 sp ||||1| spa d
100 1# - ENTRADA PRINCIPAL--NOMBRE DE PERSONA
Nombre de persona Cohen, Samuel.
9 (RLIN) 39513
245 13 - MENCIÓN DEL TÍTULO
Título La puerta secreta /
Mención de responsabilidad, etc. Samuel Cohen ; prólogo de Fernando Vela.
260 ## - PUBLICACIÓN, DISTRIBUCIÓN, ETC.
Lugar de publicación, distribución, etc. Sevilla :
Nombre del editor, distribuidor, etc. [s.n.,
Fecha de publicación, distribución, etc. 1953] (
Fabricante Imp. C.E.H.A.)
300 ## - DESCRIPCIÓN FÍSICA
Extensión XVI, 249 p. ;
Dimensiones 19 cm.
700 1# - ENTRADA AGREGADA--NOMBRE PERSONAL
Nombre de persona Vela, Fernando.
9 (RLIN) 113674
852 ## - LOCALIZACIÓN
Ubicación ES-MaACL
Número de control de estantería C-8798
Sublocalización o colección R.34473
Holdings
Estatus retirado Estado de pérdida Estado de daño No para préstamo Biblioteca de origen Biblioteca actual Ubicación en estantería Fecha de adquisición Fuente de adquisición Total de préstamos Signatura topográfica completa Código de barras Visto por última vez Precio de reemplazo Tipo de ítem Koha
        Biblioteca del Ateneo de Madrid Biblioteca del Ateneo de Madrid Sala Palomar 17/01/2008     C-8798 1047930 23/02/2023 23/02/2023 Libro impreso